| 000 | 01430cas a22004331 4500 | ||
|---|---|---|---|
| 001 | 11205729 | ||
| 003 | NUST | ||
| 005 | 20210707100910.0 | ||
| 008 | 751101c19689999pk mr p 0 a0eng | ||
| 010 | _a 76930176 | ||
| 035 | _a(OCoLC)ocm01766856 | ||
| 037 | _b1/5-Edward Rd. | ||
| 038 | _awaseem | ||
| 040 |
_aDLC _beng _cMUL _dCOO _dDLC _dCRL _dOCLCQ _dEMI _dOCLCQ _dOCLCF _dOCLCO _dHVL _dOCL _dOCLCO _dOCLCA _dOCLCQ |
||
| 042 | _apcc | ||
| 043 | _aa-pk--- | ||
| 050 | 0 | 0 | _aLAW |
| 050 | 4 |
_aKPL18.A21968 _bS86x |
|
| 082 | 0 | 4 |
_a349.54904 _bSUP |
| 245 | 0 | 4 |
_aThe Supreme Court monthly review 1994 _cEditors Khawaja Muhammad Asaf and Muhammad Zubair Saeed |
| 260 |
_aLahore : _bPakistan Law House, _c1994. |
||
| 300 |
_a3volumes _c23 cm |
||
| 310 | _aMonthly | ||
| 336 |
_atext _btxt _2rdacontent |
||
| 337 |
_aunmediated _bn _2rdamedia |
||
| 338 |
_avolume _bnc _2rdacarrier |
||
| 362 | 0 | _av. 1- Jan. 1968- | |
| 563 | _aHBK. | ||
| 590 | _aSERBIB/SERLOC merged record | ||
| 650 | 0 |
_aLaw reports, digests, etc. _zPakistan. |
|
| 650 | 7 |
_aLaw reports, digests, etc. _2fast _0(OCoLC)fst00994106 |
|
| 651 | 7 |
_aPakistan. _2fast _0(OCoLC)fst01210275 |
|
| 655 | 7 |
_aCourt decisions and opinions. _2fast _0(OCoLC)fst01774257 |
|
| 655 | 7 |
_aCourt decisions and opinions. _2lcgft _980930 |
|
| 710 | 1 |
_aPakistan. _bSupreme Court. |
|
| 906 |
_a7 _bcbc _cserials _d3 _encip _f19 _gn-oclcserc |
||
| 942 |
_2ddc _cREF _s1 |
||
| 999 |
_c585799 _d585799 |
||